000 00838nam a2200205 a 4500
008 160615s2015 ||||||||||||||||| || u
020 _a9783527339495
050 _aQD 305.H7 Han
100 _aGrubbs, Robert H
245 1 0 _aHandbook of metathesis: volume 2: applications in organic synthesis (2nd ed.)
_cEdited By Robert H. Grubbs and Daniel J. O'Leary
250 _a2nd ed.
260 _aWeinheim
_bWiley-VCH
_c2015
300 _axxvi,743p.: ill.
350 _a279.00
650 _aMETATHESIS (CHEMISTRY)--HANDBOOKS, MANUALS, ETC
650 _aORGANIC COMPOUNDS--SYNTHESIS--HANDBOOKS, MANUALS, ETC
650 _aPOLYMERIZATION--HANDBOOKS, MANUALS, ETC
700 _aO'Leary, Daniel J
995 _FCBU-MAIN LIBRARY (Kitwe)
_I279.00
_M1
_UAVAILABLE
_WJun 23, 2016
_ZReference Collection
999 _c45299
_d45299